| Registos Bibliográficos associados ao registo de autoridade |
|
Etiqueta de registo: 00254nam 2200025 450 001 2280765 003 http://id.bnportugal.gov.pt/bib/catbnp/2280765 100 ## $a20260316d2024 k y0pory01030103ba 101 0# $aeng$dpor 102 ## $aPT 105 ## $aa m 000yy 106 ## $ar 200 1# $aSocial participation in scientific research from the margins$ecase study of 2º Torrão, Almada$fJoão André Ribeiro Duarte$gorient. Catarina Pombo Martins de Castro Nabais 210 #9 $aLisboa$c[s.n.],$d2024 215 ## $a[214] p.$cil.$d30 cm$ecurriculum vitae (4 p.) 328 #1 $aTese dout. Filosofia da Ciência, Tecnologia, Arte e Sociedade (Ciência e Sociedade),
Faculdade de Ciências, Universidade de Lisboa, 2024 675 ## $a304.5(043)$vBN$zpor$31993561 700 #1 $aDuarte,$bJoão André Ribeiro,$f1981-$31991717 702 #1 $aNabais,$bCatarina Pombo$4727$31670447 801 #0 $aPT$bBN$gRPC 966 ## $lBN$mFGMON$sS.C. 168781 V.$x1 971 ## $cssilva$d20260316 973 ## $cigoulao$d20260325 975 ## $e0$d20260422$viquintas
|
|
|